000 00440nam a2200157 4500
001 113782
003 ES-MaACL
005 20230906190014.0
007 t|
008 061121s1922 fr r ||||1| fre d
100 1 _aPadey, Benoit.
_988165
245 1 4 _aLes secrets de la Baquette et l'art du sourcier /
_cpar Benoit Padey.
260 _aParis :
_bCharles Amat,
_c1922.
300 _a322 p. :
_bil ;
_c25 cm.
852 _aES-MaACL
_jF-4606
999 _c113782
_d113782